[Event "XXXVII Olimpiadi femminile"]
[Site "Torino ITA"]
[Date "2006.05.25"]
[Round "5.1"]
[White "Johansson, Viktoria"]
[Black "Maric, Alisa"]
[Result "1/2-1/2"]
[WhiteElo "2222"]
[BlackElo "2415"]
[Annotator "SWE-SCG"]
[PlyCount "59"]
[EventDate "2006.05.21"]

1. d4 Nf6 2. c4 e6 3. Nc3 Bb4 4. e3 O-O 5. Bd3 d5 6. Nf3 c5 7. O-O cxd4 8. exd4
dxc4 9. Bxc4 a6 10. a3 Bxc3 11. bxc3 b5 12. Bd3 Bb7 13. a4 Qd5 14. axb5 axb5
15. Rxa8 Bxa8 16. Qe2 Rc8 17. Bd2 Ne4 18. Bxe4 Qxe4 19. Qxb5 h6 20. Re1 Qg6 21.
Qb1 f5 22. Qd3 Be4 23. Qe3 Nd7 24. Qf4 Nb6 25. Qg3 Qxg3 26. hxg3 Nc4 27. Bc1
Nb6 28. Bd2 Nc4 29. Bc1 Nb6 30. Bd2 1/2-1/2

[Event "XXXVII Olimpiadi femminile"]
[Site "Torino ITA"]
[Date "2006.05.25"]
[Round "5.2"]
[White "Chelushkina, Irina"]
[Black "Pavlovskaia, Evgenia"]
[Result "1-0"]
[WhiteElo "2320"]
[BlackElo "2182"]
[Annotator "SWE-SCG"]
[PlyCount "81"]
[EventDate "2006.05.21"]

1. e4 c6 2. d3 d5 3. Nd2 e5 4. Ngf3 Bd6 5. Be2 f5 6. exf5 Bxf5 7. Nf1 Ne7 8.
Ng3 O-O 9. O-O Nd7 10. Ng5 Qe8 11. Bg4 h6 12. Nxf5 Nxf5 13. Nh3 Qg6 14. Bh5 Qf6
15. c3 Nc5 16. Kh1 e4 17. dxe4 Nxe4 18. Bf3 Rae8 19. Bf4 Bxf4 20. Nxf4 Qd6 21.
g3 Nh4 22. Bh5 Rxf4 23. gxf4 Qxf4 24. Qg4 Rf8 25. Qxf4 Rxf4 26. f3 Nf6 27. Bg4
h5 28. Bc8 b6 29. Rae1 g5 30. h3 Kf7 31. Bb7 c5 32. Re5 Nxf3 33. Bxd5+ Nxd5 34.
Rxd5 Ke6 35. Rxg5 Nxg5 36. Rxf4 Nxh3 37. Rf8 Kd6 38. Rf7 a6 39. Rf6+ Kc7 40.
Rf5 Kc6 41. Kh2 1-0

[Event "XXXVII Olimpiadi femminile"]
[Site "Torino ITA"]
[Date "2006.05.25"]
[Round "5.3"]
[White "Andersson, Christin"]
[Black "Benderac, Ana"]
[Result "0-1"]
[WhiteElo "2170"]
[BlackElo "2293"]
[Annotator "SWE-SCG"]
[PlyCount "84"]
[EventDate "2006.05.21"]

1. e4 e6 2. d4 d5 3. exd5 exd5 4. Bd3 Bd6 5. Nf3 Bg4 6. O-O Ne7 7. Re1 Nbc6 8.
Be3 Qd7 9. Nbd2 O-O-O 10. c4 dxc4 11. Bxc4 Bb4 12. Bxf7 Rhf8 13. Qb3 Nd5 14.
Bxd5 Qxd5 15. Qxd5 Rxd5 16. Rec1 Bxd2 17. Nxd2 Nxd4 18. Rc4 Rfd8 19. h3 Be2 20.
Rxd4 Rxd4 21. Bxd4 Rxd4 22. Nb3 Rd1+ 23. Rxd1 Bxd1 24. Nd4 Kd7 25. b3 c5 26.
Nf5 Bc2 27. Nxg7 Bb1 28. a3 a5 29. Kf1 Bc2 30. Ke2 Bxb3 31. Kd3 b5 32. f4 Bc4+
33. Kc3 Bd5 34. g4 b4+ 35. Kb2 c4 36. axb4 axb4 37. h4 c3+ 38. Kc2 Be4+ 39. Kb3
Bf3 40. Nh5 Bd1+ 41. Ka2 b3+ 42. Ka1 Bc2 0-1

[Event "XXXVII Olimpiadi femminile"]
[Site "Torino ITA"]
[Date "2006.05.25"]
[Round "5.1"]
[White "Hamrakulova, Yulduz"]
[Black "Sanchez Castillo, Sarai"]
[Result "1/2-1/2"]
[WhiteElo "2187"]
[BlackElo "2176"]
[Annotator "UZB-VEN"]
[PlyCount "108"]
[EventDate "2006.05.21"]

1. Nf3 d5 2. d4 Nf6 3. e3 Bf5 4. c4 c6 5. cxd5 cxd5 6. Nc3 Nc6 7. Qa4 e6 8. Bb5
Qb6 9. O-O Bd6 10. a3 O-O 11. Nh4 Bg4 12. f3 Bh5 13. g4 Bg6 14. Nxg6 hxg6 15.
Be2 Rac8 16. g5 Ne8 17. f4 Bb8 18. Qd1 Nd6 19. Na4 Qc7 20. h4 Ne4 21. Bd3 Ne7
22. Bd2 Nf5 23. Bxe4 dxe4 24. Rc1 Qd7 25. Nc3 Nxh4 26. Nxe4 Qd5 27. Rxc8 Rxc8
28. Qb1 Qf5 29. Be1 Qg4+ 30. Bg3 Nf5 31. Kf2 Nd6 32. Nxd6 Bxd6 33. Rc1 Rb8 34.
Qe4 Qf5 35. Qxf5 gxf5 36. Kf3 Kf8 37. Be1 Ke7 38. Bc3 Rc8 39. Rd1 Bxa3 40. d5
f6 41. gxf6+ gxf6 42. dxe6 Kxe6 43. Bxf6 Kxf6 44. bxa3 Ke6 45. Rd4 b5 46. a4
Rc4 47. Rxc4 bxc4 48. e4 c3 49. exf5+ Kxf5 50. Ke3 c2 51. Kd2 Kxf4 52. Kxc2 Ke4
53. Kc3 Kd5 54. Kb4 Ke5 1/2-1/2

[Event "XXXVII Olimpiadi femminile"]
[Site "Torino ITA"]
[Date "2006.05.25"]
[Round "5.3"]
[White "Khamrakulova, Shakhnoza"]
[Black "Hernandez, Zaida"]
[Result "1-0"]
[WhiteElo "2032"]
[BlackElo "2046"]
[Annotator "UZB-VEN"]
[PlyCount "149"]
[EventDate "2006.05.21"]

1. e4 c5 2. c3 d5 3. exd5 Qxd5 4. d4 Nf6 5. Nf3 Bg4 6. Be2 e6 7. O-O Nc6 8. h3
Bh5 9. Be3 cxd4 10. cxd4 Be7 11. Nc3 Qd6 12. Qb3 O-O 13. Rfd1 Rfd8 14. Rac1 Qb4
15. Qxb4 Nxb4 16. g4 Bg6 17. Ne5 Nbd5 18. Bf3 Rac8 19. Bg5 Kf8 20. Bxf6 Nxf6
21. h4 h6 22. Nb5 Nd5 23. Nxg6+ fxg6 24. h5 gxh5 25. gxh5 a6 26. Nc3 Bg5 27.
Rc2 b5 28. Bxd5 exd5 29. Re2 Kf7 30. Re5 Bf6 31. Rxd5 b4 32. Rxd8 Rxd8 33. Ne2
Rd5 34. a3 bxa3 35. bxa3 Rxh5 36. Kg2 Rd5 37. Kf3 g5 38. Ke4 Ke6 39. Rc1 Ra5
40. Rc6+ Ke7 41. Rc3 Ke6 42. Ng3 Be7 43. Rc6+ Kd7 44. Rxh6 Rxa3 45. Nf5 Bb4 46.
Rg6 Bd2 47. Ne3 Ra5 48. Nc4 Ra2 49. Nxd2 Rxd2 50. Ke3 Ra2 51. Rxg5 a5 52. f4
Ra1 53. Ke4 Re1+ 54. Kd5 a4 55. Rg7+ Ke8 56. Ra7 Ra1 57. Ke6 Re1+ 58. Kf6 Rf1
59. f5 Ra1 60. d5 a3 61. Ra8+ Kd7 62. Kf7 a2 63. f6 Rd1 64. Rxa2 Rxd5 65. Re2
Rg5 66. Re7+ Kd8 67. Kf8 Rf5 68. Kf7 Rg5 69. Re1 Rg2 70. Rd1+ Kc7 71. Kf8 Re2
72. f7 Re3 73. Rh1 Kd7 74. Rh7 Rf3 75. Kg8 1-0

[Event "XXXVII Olimpiadi femminile"]
[Site "Torino ITA"]
[Date "2006.05.25"]
[Round "5.1"]
[White "Koskoska, Gabriela"]
[Black "Medic, Mirjana"]
[Result "0-1"]
[WhiteElo "2220"]
[BlackElo "2239"]
[Annotator "MKD-CRO"]
[PlyCount "90"]
[EventDate "2006.05.21"]

1. e4 e6 2. Qe2 c5 3. Nf3 Nc6 4. g3 g6 5. Bg2 Bg7 6. O-O Nge7 7. c3 d6 8. Na3
O-O 9. Nc2 e5 10. b4 Be6 11. Ng5 Bd7 12. b5 Na5 13. Rb1 h6 14. Nf3 Be6 15. a4
f5 16. Bh3 Qd7 17. d3 Rf7 18. Ne3 Raf8 19. exf5 gxf5 20. Nh4 f4 21. Bxe6 Qxe6
22. Qg4 Qxg4 23. Nxg4 h5 24. b6 a6 25. d4 hxg4 26. dxc5 d5 27. Ng2 Nc4 28. Rd1
f3 29. Ne3 Nxe3 30. Bxe3 e4 31. c6 Nxc6 32. Rxd5 Rf5 33. Rd6 Rd8 34. Rbd1 Rxd6
35. Rxd6 Rf7 36. h3 gxh3 37. Kh2 Bxc3 38. Kxh3 Ne5 39. Rd8+ Kg7 40. Rc8 Kf6 41.
g4 Bb2 42. Kg3 Nd3 43. Bf4 Bd4 44. Rc2 Bxb6 45. Be3 Bc7+ 0-1

[Event "XXXVII Olimpiadi femminile"]
[Site "Torino ITA"]
[Date "2006.05.25"]
[Round "5.2"]
[White "Stock, Lara"]
[Black "Kizova, Aleksandra"]
[Result "1-0"]
[WhiteElo "2200"]
[BlackElo "2011"]
[Annotator "MKD-CRO"]
[PlyCount "37"]
[EventDate "2006.05.21"]

1. c4 e5 2. Nc3 Nf6 3. g3 d5 4. cxd5 Nxd5 5. Bg2 c6 6. Nf3 Bd6 7. O-O O-O 8. d4
Nxc3 9. bxc3 Nd7 10. Qc2 h6 11. Re1 Re8 12. e4 Qf6 13. Bb2 b5 14. a4 a5 15.
axb5 cxb5 16. Qb3 b4 17. Qd5 Nb6 18. Qc6 Rb8 19. Qxe8+ 1-0

[Event "XXXVII Olimpiadi femminile"]
[Site "Torino ITA"]
[Date "2006.05.25"]
[Round "5.3"]
[White "Jonoska, Katerina"]
[Black "Franciskovic, Borka"]
[Result "1/2-1/2"]
[WhiteElo "2051"]
[BlackElo "2144"]
[Annotator "MKD-CRO"]
[PlyCount "59"]
[EventDate "2006.05.21"]

1. e4 c6 2. d4 d5 3. exd5 cxd5 4. Bd3 Nc6 5. c3 Nf6 6. Bf4 Bg4 7. Qb3 Qd7 8.
Nd2 e6 9. Ngf3 Bxf3 10. Nxf3 Bd6 11. Be5 Qc7 12. Bxd6 Qxd6 13. O-O O-O 14. Rfe1
Rab8 15. a4 Rfc8 16. Qd1 a6 17. Ne5 Ne7 18. Qf3 Ng6 19. g3 Qe7 20. h4 Nxe5 21.
Rxe5 Nd7 22. Re2 Qf6 23. Qxf6 Nxf6 24. Kg2 b5 25. axb5 axb5 26. Rc2 Ne8 27. Ra5
Nd6 28. b3 g6 29. Ra6 Nf5 30. Ra5 1/2-1/2

[Event "XXXVII Olimpiadi femminile"]
[Site "Torino ITA"]
[Date "2006.05.25"]
[Round "5.1"]
[White "Houska, Jovanka"]
[Black "Pourkashiyan, Atousa"]
[Result "1-0"]
[WhiteElo "2378"]
[BlackElo "2311"]
[Annotator "ENG-IRI"]
[PlyCount "117"]
[EventDate "2006.05.21"]

1. e4 e5 2. Nf3 Nf6 3. Nxe5 d6 4. Nf3 Nxe4 5. d4 d5 6. Bd3 Be7 7. O-O Nc6 8. c4
Nb4 9. Be2 O-O 10. Nc3 Bf5 11. a3 Nxc3 12. bxc3 Nc6 13. Re1 Re8 14. Bf4 Rc8 15.
cxd5 Qxd5 16. Nd2 Na5 17. Bf3 Qd7 18. Nb3 Nxb3 19. Qxb3 c6 20. a4 Bf6 21. h3 h6
22. a5 a6 23. Rad1 Re7 24. Rxe7 Qxe7 25. Rd2 g5 26. Be3 Rc7 27. c4 Be4 28. Bg4
Qd6 29. Rd1 Kg7 30. Qb6 Be7 31. Bc1 f5 32. Be2 Rd7 33. Bb2 Kh7 34. f3 Bc2 35.
Rc1 Bd8 36. Qa7 Ba4 37. d5 c5 38. Bd3 Kg6 39. Qa8 Re7 40. Qc8 Rd7 41. Re1 Qc7
42. Re6+ Kf7 43. Qxc7 Rxc7 44. Rxh6 Bd7 45. Rh7+ Ke8 46. d6 Rc8 47. Rxd7 Kxd7
48. Bxf5+ Kxd6 49. Bxc8 Kc6 50. Bc3 b5 51. Bxa6 b4 52. Bb5+ Kd6 53. Bb2 Bxa5
54. Kf2 Bd8 55. Ke3 Ke6 56. Ke4 Bc7 57. Ba4 Bd6 58. Bc1 Be7 59. Be3 1-0

[Event "XXXVII Olimpiadi femminile"]
[Site "Torino ITA"]
[Date "2006.05.25"]
[Round "5.3"]
[White "Tidman, Sophie E."]
[Black "Navabi, Shirin"]
[Result "1/2-1/2"]
[WhiteElo "2086"]
[BlackElo "2082"]
[Annotator "ENG-IRI"]
[PlyCount "57"]
[EventDate "2006.05.21"]

1. e4 e5 2. Nf3 Nf6 3. Nxe5 d6 4. Nf3 Nxe4 5. Nc3 Nxc3 6. dxc3 Be7 7. Bf4 Nc6
8. Qd2 Be6 9. O-O-O Qd7 10. Kb1 h6 11. Nd4 Nxd4 12. cxd4 d5 13. h4 a6 14. h5
O-O-O 15. Bd3 Bf5 16. f3 Bxd3 17. Qxd3 Bd6 18. Be5 Rhg8 19. g4 Rde8 20. Rde1
Bb4 21. c3 Be7 22. Qh7 f6 23. Bg3 Bd8 24. Qg6 c6 25. Kc2 Bc7 26. Bxc7 Kxc7 27.
Kd2 Kd8 28. f4 Qc7 29. Qf5 1/2-1/2

[Event "XXXVII Olimpiadi femminile"]
[Site "Torino ITA"]
[Date "2006.05.25"]
[Round "5.2"]
[White "Bosboom-Lanchava, Tea"]
[Black "Moodliar, Suvania"]
[Result "1-0"]
[WhiteElo "2380"]
[BlackElo "1859"]
[Annotator "RSA-NED"]
[PlyCount "111"]
[EventDate "2006.05.21"]

1. Nf3 Nf6 2. c4 e6 3. Nc3 d5 4. d4 b6 5. cxd5 exd5 6. Qc2 Be7 7. Bf4 a6 8. e3
O-O 9. Bd3 Bb7 10. O-O Nbd7 11. Ne5 Re8 12. Rac1 c5 13. Bf5 g6 14. Bh3 Bf8 15.
Na4 Nxe5 16. Bxe5 c4 17. Qe2 Bc8 18. Bxc8 Rxc8 19. Nc3 Bg7 20. Qf3 Ne4 21. Bxg7
Kxg7 22. Qh3 b5 23. f4 f5 24. g4 Nxc3 25. bxc3 fxg4 26. Qg3 Qd7 27. h3 gxh3 28.
Rc2 Qf5 29. Rh2 Rc7 30. Rxh3 Rce7 31. Re1 a5 32. a3 Rb8 33. Rxh7+ Kxh7 34. Qh4+
Qh5 35. Qxe7+ Kh6 36. Kg2 Qg4+ 37. Kf2 Qh5 38. Rg1 b4 39. Rg5 Qh4+ 40. Kg2 Qe1
41. Rg3 Qe2+ 42. Kh1 Qf1+ 43. Kh2 Qf2+ 44. Rg2 Qxg2+ 45. Kxg2 bxc3 46. Qe5 Rc8
47. Qg5+ Kg7 48. Qe7+ Kh6 49. Qh4+ Kg7 50. Qe1 c2 51. Qc3 Rb8 52. Qxc2 Rb3 53.
Kf3 a4 54. f5 g5 55. Kg4 Rxe3 56. f6+ 1-0

[Event "XXXVII Olimpiadi femminile"]
[Site "Torino ITA"]
[Date "2006.05.25"]
[Round "5.3"]
[White "Laubscher, Anzel"]
[Black "Muhren, Bianca"]
[Result "0-1"]
[WhiteElo "1856"]
[BlackElo "2253"]
[Annotator "RSA-NED"]
[PlyCount "52"]
[EventDate "2006.05.21"]

1. d4 d5 2. c4 dxc4 3. Nf3 Nf6 4. e3 e6 5. Bxc4 c5 6. O-O a6 7. dxc5 Qxd1 8.
Rxd1 Bxc5 9. Nc3 Nbd7 10. a3 b5 11. Ba2 Bb7 12. Nd4 Rc8 13. Nce2 Be7 14. Bd2
Nc5 15. Bb4 Nd5 16. Ba5 g6 17. Rac1 O-O 18. Rc2 Ne4 19. Rdc1 Rxc2 20. Rxc2 Bf6
21. h3 h5 22. Bxd5 Bxd5 23. Bb4 Rd8 24. Rc7 Bc4 25. f3 Bxe2 26. Nxe2 Rd1+ 0-1

[Event "XXXVII Olimpiadi femminile"]
[Site "Torino ITA"]
[Date "2006.05.25"]
[Round "5.2"]
[White "Maroroa, Sue"]
[Black "Smokina, Karolina"]
[Result "0-1"]
[WhiteElo "1934"]
[BlackElo "2252"]
[Annotator "MDA-NZL"]
[PlyCount "76"]
[EventDate "2006.05.21"]

1. e4 c5 2. Nf3 Nc6 3. Bb5 g6 4. Bxc6 dxc6 5. d3 Bg7 6. Nc3 e5 7. Be3 b6 8. h3
Ne7 9. Qd2 h6 10. a4 a5 11. O-O f5 12. Qd1 f4 13. Bc1 g5 14. Nh2 h5 15. f3 Ng6
16. Qe2 Be6 17. Nd1 Qd7 18. Nf2 O-O-O 19. c3 Bf8 20. Rd1 Kb7 21. c4 Bd6 22. Bd2
Rdg8 23. Kf1 Nf8 24. Bc3 Nh7 25. Qc2 Nf6 26. Nhg4 hxg4 27. hxg4 Rh4 28. Qe2
Rgh8 29. Ke1 Bc7 30. Kd2 Bxc4 31. Kc2 Be6 32. Rh1 Rxh1 33. Rxh1 Rxh1 34. Nxh1
Qf7 35. Nf2 Bb3+ 36. Kc1 Bxa4 37. Nh3 Nh7 38. Qf2 Qa2 0-1

[Event "XXXVII Olimpiadi femminile"]
[Site "Torino ITA"]
[Date "2006.05.25"]
[Round "5.3"]
[White "Partac, Elena"]
[Black "Fairley, Natasha"]
[Result "1-0"]
[WhiteElo "2095"]
[BlackElo "1743"]
[Annotator "MDA-NZL"]
[PlyCount "89"]
[EventDate "2006.05.21"]

1. e4 e5 2. Nf3 Nc6 3. Bb5 a6 4. Ba4 Nf6 5. Qe2 b5 6. Bb3 Bc5 7. c3 d6 8. h3
O-O 9. O-O h6 10. Rd1 Bb6 11. d3 Qe7 12. Nbd2 Re8 13. Nf1 Be6 14. Bc2 Rab8 15.
Ng3 Bd7 16. Nh4 Qf8 17. Qf3 Nh7 18. Ngf5 Bxf5 19. Nxf5 Ne7 20. Nh4 Kh8 21. Bb3
g5 22. Nf5 Nxf5 23. Qxf5 Re7 24. Be3 Qg7 25. Bxb6 cxb6 26. d4 Qf6 27. Qxf6+
Nxf6 28. f3 Nh5 29. dxe5 dxe5 30. Rd6 Kg7 31. Rad1 Rbb7 32. Kf2 Nf4 33. g3 Ng6
34. Rd8 Nf8 35. R1d6 Red7 36. Bd5 Rxd6 37. Rxd6 Rb8 38. Ke3 a5 39. Rc6 Ng6 40.
Rc7 Nh8 41. b4 axb4 42. cxb4 h5 43. Bc6 Kg6 44. Bxb5 Rd8 45. Rc6+ 1-0

[Event "XXXVII Olimpiadi femminile"]
[Site "Torino ITA"]
[Date "2006.05.25"]
[Round "5.2"]
[White "Goi, Veronika"]
[Black "Cua, Sherily"]
[Result "0-1"]
[WhiteElo "1913"]
[BlackElo "1954"]
[Annotator "PHI-ITA2"]
[PlyCount "112"]
[EventDate "2006.05.21"]

1. d4 d5 2. c4 e6 3. Nc3 Nf6 4. Bg5 Nbd7 5. Nf3 Be7 6. e3 O-O 7. Qc2 a6 8.
O-O-O dxc4 9. Bxc4 b5 10. Bd3 Bb7 11. h4 c5 12. dxc5 b4 13. Na4 h6 14. Nb6 Nxb6
15. Bh7+ Nxh7 16. Rxd8 Bxd8 17. Bf4 Nd5 18. Bd6 Be7 19. Bxe7 Nxe7 20. Ne5 Nf6
21. f3 Rfd8 22. Kb1 Rac8 23. Rc1 Nd7 24. Nd3 a5 25. Qa4 Nc6 26. Qb5 Ba8 27. Nf2
Rb8 28. Qa4 b3 29. a3 Nf6 30. Rd1 Rxd1+ 31. Nxd1 Nd7 32. Qc4 Nce5 33. Qd4 Bc6
34. f4 Ng6 35. h5 Ngf8 36. e4 e5 37. fxe5 Ne6 38. Qd6 Bxe4+ 39. Kc1 Nexc5 40.
Nf2 Rc8 41. Kd2 Bxg2 42. Ke3 Re8 43. Ng4 Bh3 44. Nf2 Rxe5+ 45. Kd4 Be6 46. Kc3
Ne4+ 47. Nxe4 Rxe4 48. Qa6 Rc4+ 49. Kd2 Rc2+ 50. Ke3 Rxb2 51. Qa8+ Nf8 52. Qxa5
Ra2 53. Qb4 b2 54. Kf4 g6 55. hxg6 Nxg6+ 56. Ke3 Rxa3+ 0-1

[Event "XXXVII Olimpiadi femminile"]
[Site "Torino ITA"]
[Date "2006.05.25"]
[Round "5.1"]
[White "Melnik, Galina"]
[Black "Tilenbaeva, Janyl"]
[Result "0-1"]
[WhiteElo "2079"]
[BlackElo "2051"]
[Annotator "IPCA-KGZ"]
[PlyCount "40"]
[EventDate "2006.05.21"]

1. d4 d5 2. c4 c6 3. Nc3 Nf6 4. Nf3 g6 5. e3 Bg7 6. Qc2 O-O 7. Bd3 Nbd7 8. O-O
Re8 9. e4 e5 10. dxe5 dxe4 11. Nxe4 Nxe4 12. Bxe4 Nxe5 13. Nxe5 Bxe5 14. Bf3
Bf5 15. Qb3 Qc7 16. g3 Rad8 17. Be3 Rd3 18. Qb4 a5 19. Qb6 Qxb6 20. Bxb6 Rxf3
0-1

[Event "XXXVII Olimpiadi femminile"]
[Site "Torino ITA"]
[Date "2006.05.25"]
[Round "5.2"]
[White "Sabirova, Sofia"]
[Black "Dymshits, Galina"]
[Result "1-0"]
[WhiteElo "2143"]
[BlackElo "2048"]
[Annotator "IPCA-KGZ"]
[PlyCount "131"]
[EventDate "2006.05.21"]

1. d4 d5 2. Nf3 Nf6 3. Bg5 Nbd7 4. e3 e6 5. Bd3 h6 6. Bh4 Be7 7. Nbd2 c5 8. c3
b6 9. O-O O-O 10. Ne5 Nxe5 11. dxe5 Nd7 12. Bxe7 Qxe7 13. f4 Bb7 14. Rf3 f5 15.
Rg3 c4 16. Bc2 Nc5 17. Nf3 Ne4 18. Bxe4 dxe4 19. Nd4 Bd5 20. Qh5 Kh8 21. Rg6
Qf7 22. Rg5 Qxh5 23. Rxh5 a6 24. Kf2 Kh7 25. Rg1 g6 26. Rh3 Ra7 27. g4 Rg7 28.
Rhg3 fxg4 29. Rxg4 Rff7 30. Ke2 Rb7 31. h4 b5 32. Nc2 a5 33. a3 h5 34. R4g2 Kh6
35. Ra1 Rgc7 36. Kd2 Kh7 37. Nd4 Kh6 38. Kc2 Kh7 39. Rgg1 Kh6 40. Rgd1 Rc8 41.
Ne2 b4 42. axb4 axb4 43. cxb4 Rxb4 44. Nc3 Rcb8 45. Ra2 Rb3 46. Rd2 R8b7 47.
Kc1 Kg7 48. Ra5 Rd7 49. Rb5 Rxb5 50. Nxb5 Rb7 51. Nc3 Rb3 52. Kc2 Kf7 53. Rd1
Ke7 54. Ra1 Bc6 55. Ra7+ Rb7 56. Rxb7+ Bxb7 57. Nb5 Bd5 58. Kc3 Kf7 59. Nd6+
Kg7 60. Nxc4 g5 61. fxg5 Kg6 62. Kd4 Kf5 63. Nd6+ Kg6 64. Nxe4 Bb3 65. Nd6 Bd5
66. b4 1-0

[Event "XXXVII Olimpiadi femminile"]
[Site "Torino ITA"]
[Date "2006.05.25"]
[Round "5.1"]
[White "Vovk, Oksana"]
[Black "Umudova, Nargiz"]
[Result "1/2-1/2"]
[WhiteElo "2164"]
[BlackElo "2176"]
[Annotator "DEN-AZE"]
[PlyCount "61"]
[EventDate "2006.05.21"]

1. d4 Nf6 2. Nf3 g6 3. c4 Bg7 4. Nc3 O-O 5. Bg5 d6 6. e3 h6 7. Bh4 g5 8. Bg3
Nh5 9. Qc2 c5 10. dxc5 dxc5 11. Rd1 Qa5 12. Be2 Nxg3 13. hxg3 Re8 14. O-O Nc6
15. Nd2 Qc7 16. Nd5 Qb8 17. a3 b6 18. b4 cxb4 19. axb4 Bb7 20. b5 Nd8 21. Nb3
Ne6 22. Bg4 Nf8 23. c5 Bxd5 24. Rxd5 e6 25. Rdd1 Qe5 26. cxb6 axb6 27. Nd4 Ng6
28. Ra1 Rxa1 29. Rxa1 Qc5 30. Qa4 Ne7 31. Rb1 1/2-1/2

[Event "XXXVII Olimpiadi femminile"]
[Site "Torino ITA"]
[Date "2006.05.25"]
[Round "5.2"]
[White "Aghasiyeva, Fidan Aydin Qizi"]
[Black "De Blecourt Dalsberg, Sandra"]
[Result "1-0"]
[WhiteElo "2088"]
[BlackElo "2077"]
[Annotator "DEN-AZE"]
[PlyCount "91"]
[EventDate "2006.05.21"]

1. d4 d5 2. c4 c6 3. Nc3 Nf6 4. Nf3 dxc4 5. a4 Bf5 6. e3 e6 7. Bxc4 Bb4 8. O-O
O-O 9. Qb3 Qe7 10. Bd2 Bd6 11. Rae1 Ne4 12. Nxe4 Bxe4 13. Ne5 Bxe5 14. dxe5 Nd7
15. f3 Bd5 16. Bxd5 cxd5 17. Bb4 Nc5 18. Qa3 b6 19. Rc1 Rfc8 20. a5 Rab8 21.
Rc2 Qd7 22. Rfc1 Na6 23. axb6 Rxc2 24. Rxc2 Rxb6 25. Qa4 Qd8 26. Ba5 h6 27.
Bxb6 Qxb6 28. Qd4 Qa5 29. h3 Nb4 30. Rc3 a6 31. Kh2 Kh7 32. f4 Qb5 33. Rc5 Qb6
34. Rc4 Qxd4 35. Rxd4 a5 36. g4 g5 37. Kg3 Kg7 38. Rd1 f6 39. exf6+ Kxf6 40.
Kf3 Nc2 41. b3 Nb4 42. Ra1 Nc6 43. Rc1 Nb4 44. Rc5 d4 45. fxg5+ hxg5 46. exd4
1-0

[Event "XXXVII Olimpiadi femminile"]
[Site "Torino ITA"]
[Date "2006.05.25"]
[Round "5.1"]
[White "Al Rufaye, Iman Hasan Mohammed"]
[Black "Perez, Eneida"]
[Result "1-0"]
[WhiteElo "2118"]
[BlackElo "2110"]
[Annotator "IRQ-DOM"]
[PlyCount "93"]
[EventDate "2006.05.21"]

1. e4 e5 2. Nf3 Nf6 3. Nxe5 d6 4. Nf3 Nxe4 5. Qe2 Qe7 6. d3 Nf6 7. Bg5 Nbd7 8.
Nc3 Qxe2+ 9. Bxe2 c6 10. O-O-O Be7 11. Rde1 Nc5 12. d4 Ne6 13. Bd2 Bd7 14. Bd3
h6 15. Re2 O-O-O 16. Rhe1 Rhe8 17. h3 Bf8 18. Bc4 d5 19. Bd3 Bb4 20. Bf5 Nc7
21. Bxd7+ Nxd7 22. a3 Rxe2 23. Rxe2 Bf8 24. Ne5 Nxe5 25. dxe5 d4 26. Ne4 Nd5
27. c4 dxc3 28. Nxc3 Nxc3 29. Bxc3 Re8 30. f4 g6 31. g4 c5 32. a4 Kc7 33. Kc2
a6 34. Rd2 Kc6 35. a5 Be7 36. Kd3 Bd8 37. Ke4 Bc7 38. f5 Re7 39. h4 gxf5+ 40.
gxf5 Kb5 41. f6 Re6 42. Rd7 Bxa5 43. Bxa5 Kxa5 44. Rxb7 c4 45. Rxf7 Kb6 46. Rh7
Kc5 47. f7 1-0

[Event "XXXVII Olimpiadi femminile"]
[Site "Torino ITA"]
[Date "2006.05.25"]
[Round "5.2"]
[White "De La Cruz, Mercedes"]
[Black "Ibraheem, Delbak Ismael Ibraheem"]
[Result "1-0"]
[WhiteElo "2101"]
[BlackElo "1897"]
[Annotator "IRQ-DOM"]
[PlyCount "79"]
[EventDate "2006.05.21"]

1. e4 c5 2. d3 Nc6 3. g3 g6 4. Bg2 Bg7 5. Nf3 d6 6. Nbd2 e6 7. c3 Nge7 8. O-O
O-O 9. Re1 Rb8 10. a4 a6 11. Nf1 Qc7 12. Bd2 b5 13. axb5 axb5 14. Qc1 Re8 15.
Bh6 Bh8 16. h4 b4 17. Bd2 Na5 18. Qc2 bxc3 19. Bxc3 Bxc3 20. bxc3 Bd7 21. h5 c4
22. Qd2 Kg7 23. Qg5 Nb3 24. h6+ Kf8 25. Qf6 Ng8 26. Qg7+ Ke7 27. Ng5 Rf8 28.
Nxh7 Nxa1 29. Nxf8 Rxf8 30. Rxa1 Nf6 31. h7 Qb8 32. d4 e5 33. dxe5 dxe5 34. Ra6
Be6 35. Bh3 Bxh3 36. Qxf6+ Kd7 37. Qc6+ Ke7 38. Qc5+ Ke8 39. Qxf8+ Kxf8 40.
h8=Q+ 1-0

[Event "XXXVII Olimpiadi femminile"]
[Site "Torino ITA"]
[Date "2006.05.25"]
[Round "5.1"]
[White "Ortiz, Nadya Karolina"]
[Black "Zapata, Karen"]
[Result "1-0"]
[WhiteElo "2184"]
[BlackElo "2236"]
[Annotator "COL-PER"]
[PlyCount "61"]
[EventDate "2006.05.21"]

1. e4 c5 2. c3 Nc6 3. d4 cxd4 4. cxd4 d5 5. e5 Bf5 6. Nc3 e6 7. a3 f6 8. exf6
Nxf6 9. f4 Ne4 10. Nf3 Bg4 11. Be2 Qb6 12. O-O Bxf3 13. Bxf3 Nxd4 14. Bh5+ g6
15. Be3 Bc5 16. Na4 Ne2+ 17. Kh1 N4g3+ 18. hxg3 Nxg3+ 19. Kh2 Nxf1+ 20. Qxf1
Qb3 21. Bxc5 gxh5 22. Qe2 Kd7 23. Qe5 Kc6 24. Rc1 Kb5 25. Nc3+ Ka6 26. Qxe6+ b6
27. Nxd5 Qxb2 28. Nc7+ Ka5 29. Bb4+ Ka4 30. Qc6+ Kb3 31. Qc4+ 1-0

[Event "XXXVII Olimpiadi femminile"]
[Site "Torino ITA"]
[Date "2006.05.25"]
[Round "5.2"]
[White "Morales Mendoza, Luciana"]
[Black "Franco Valencia, Angela Maria"]
[Result "1/2-1/2"]
[WhiteElo "2154"]
[BlackElo "2076"]
[Annotator "COL-PER"]
[PlyCount "98"]
[EventDate "2006.05.21"]

1. d4 d5 2. c4 c6 3. Nf3 e6 4. e3 f5 5. Bd3 Nf6 6. Qc2 Ne4 7. a3 Bd6 8. g4 fxg4
9. Bxe4 dxe4 10. Ne5 Bxe5 11. dxe5 Qd3 12. Qxd3 exd3 13. b4 a5 14. Bb2 O-O 15.
Nd2 axb4 16. axb4 Rxa1+ 17. Bxa1 Na6 18. Bc3 c5 19. b5 Nb4 20. Ne4 b6 21. Nd6
Nc2+ 22. Kd2 Rxf2+ 23. Kxd3 Bd7 24. h3 g3 25. Rg1 Nb4+ 26. Bxb4 cxb4 27. Rxg3
Kf8 28. Rg1 Be8 29. Nxe8 Kxe8 30. Rxg7 b3 31. Rg1 b2 32. Rb1 Kd7 33. Kc3 Re2
34. Rxb2 Rxe3+ 35. Kd4 Rxh3 36. Rg2 Rh4+ 37. Kd3 Rh3+ 38. Kd4 Rh4+ 39. Kc3 Rh5
40. Rg7+ Kc8 41. Kd4 Rh4+ 42. Kd3 Rh5 43. Re7 Rxe5 44. Rxh7 Rg5 45. Re7 Rg3+
46. Kd4 Rg4+ 47. Kc3 Re4 48. Kd3 Re1 49. Kd4 Kb8 1/2-1/2

[Event "XXXVII Olimpiadi femminile"]
[Site "Torino ITA"]
[Date "2006.05.25"]
[Round "5.3"]
[White "Palao, Maricela"]
[Black "Aliaga Fernandez, Ingrid Yadira"]
[Result "1/2-1/2"]
[WhiteElo "2152"]
[BlackElo "2019"]
[Annotator "COL-PER"]
[PlyCount "58"]
[EventDate "2006.05.21"]

1. d4 d5 2. c4 dxc4 3. e3 Nf6 4. Bxc4 e6 5. Nf3 c5 6. O-O a6 7. a4 Nc6 8. Qe2
cxd4 9. Rd1 Be7 10. exd4 O-O 11. Nc3 Nb4 12. Ne5 Nfd5 13. Ne4 b6 14. Ra3 f5 15.
Rh3 fxe4 16. Qxe4 Rf5 17. g4 Nf6 18. Qxa8 Rxe5 19. Qf3 Re4 20. g5 Rxd4 21. Rxd4
Qxd4 22. Qc3 Qg4+ 23. Rg3 Qd1+ 24. Bf1 Ne4 25. Qxc8+ Kf7 26. Rg2 Nd3 27. Qc4
Ne1 28. Qe2 Qxc1 29. Qxe4 Nxg2 1/2-1/2

[Event "XXXVII Olimpiadi femminile"]
[Site "Torino ITA"]
[Date "2006.05.25"]
[Round "5.1"]
[White "Leite, Catarina"]
[Black "Ptacnikova, Lenka"]
[Result "0-1"]
[WhiteElo "2218"]
[BlackElo "2183"]
[Annotator "POR-ISL"]
[PlyCount "136"]
[EventDate "2006.05.21"]

1. e4 c5 2. c3 d5 3. exd5 Qxd5 4. d4 Nf6 5. Nf3 e6 6. Bd3 Be7 7. O-O O-O 8. Qe2
Nc6 9. Rd1 cxd4 10. cxd4 Nb4 11. Nc3 Qh5 12. Bb1 b6 13. a3 Nbd5 14. Qd3 Nxc3
15. bxc3 Bb7 16. Bb2 Bd6 17. h3 Be4 18. Qe2 Bxb1 19. Raxb1 b5 20. d5 Nxd5 21.
Qxb5 a6 22. Qd3 Rfd8 23. Qe4 Qg6 24. Qxg6 hxg6 25. c4 Nb6 26. Rbc1 Bf4 27.
Rxd8+ Rxd8 28. Rb1 Nxc4 29. g3 Bd6 30. Bc1 Rb8 31. Rxb8+ Bxb8 32. Nd4 Bd6 33.
Nc2 Bc5 34. Kf1 e5 35. f3 f5 36. Ke2 Kf7 37. Kd3 Nd6 38. Be3 Bxe3 39. Nxe3 Ke6
40. h4 Nb5 41. Nc2 Kd5 42. Nb4+ Kd6 43. Nxa6 Nxa3 44. Nb4 Nb5 45. Nc2 Kc5 46.
Ne1 Nd4 47. Ke3 Kd5 48. Ng2 Ne6 49. g4 f4+ 50. Kf2 Nd4 51. Ne1 Kc4 52. Ng2 Kd3
53. Ne1+ Kd2 54. Ng2 Nc2 55. h5 g5 56. Nh4 gxh4 57. g5 e4 58. fxe4 h3 59. h6
gxh6 60. gxh6 h2 61. Kg2 f3+ 62. Kxh2 f2 63. h7 f1=Q 64. h8=Q Qf4+ 65. Kh3 Ne3
66. Qb2+ Ke1 67. Qc1+ Kf2 68. Qd2+ Kf3 0-1